000 00919nas a2200277 4500
001 BR2018000721
003 BR-BrBNA
005 20231205131302.0
007 ta
008 230509b bl.|||p| |||| 00| 00por d
040 _aBR-BrBNA
_bpor
_cBiblioteca Nacional de Agricultura
041 _a(Pt)
072 _aH10
100 1 _aLunz, A.M.
100 1 _aVaz-de-Mello, F.Z.
100 1 _aMonteiro, O.M.
245 1 _aPelidnota filippinae Soula, 2009 (Coleoptera: Melolonthidae: Rutelinae): um novo desfolhador de acácia-australiana, Racosperma mangium (Willd.)Pedley (Fabaceae), na Amazônia oriental, Brasil
650 _aACACIA
650 _aCOLEOPTERO
650 _aDESFOLHA
650 _aREFLORESTAMENTO
650 _aAMAZONIA
773 0 _tActa Amazônica (Brazil)
_xISSN 0044-5967
_g(Sep 2011), v. 41(3) p. 439-442
_wBR2018000721
909 _a202311
_bLúcia
_c55
_dLúcia Elande
942 _2AGRIS
_n0
_cANA
999 _c253987
_d253987